000 00744nam a2200205Ia 4500
003 Ost
005 20260507075747.0
008 260507s9999||||xx |||||||||||||| ||und||
040 _cfsecg
041 _aara
082 _a330
100 _aالجمال، مصطفى محمد
_eمؤلف
245 0 _aأصول التأمين :
_bدراسة مقارنة للتشريع والفقه والقضاء /
_c مصطفى محمد الجمال
260 _aبيروت:
_bمنشورات الحلبي الحقوقية,
_c1999
300 _a552 صفحة؛
_bإيضاحات ؛
_c26 سم
520 _aمقومات التأمين- آثار التأمين.
653 _aالتأمين - البنوك
653 _aعقد الضمان
942 _cكتاب
999 _c46198
_d46198